000 00861nam a22002057a 4500
003 OSt
005 20250905102715.0
008 230915b ||||| |||| 00| 0 eng d
040 _c0
082 _aDPer 570 J826 February-November 2020 v. 54 n. 1-5
100 _aYlostalo, Joni H.
_eauthor.
_949075
245 _aEngaging students into their own learning of foundational genetics concepts through the 5E learning cycle and interleaving teaching techniques /
_cJoni H. Ylostalo.
260 _aUnited Kingdom ;
_bTaylor & Francis Group ,
_cNovember 2020.
300 _aVolume 54, pages 514-520 :
_billustration ;
_c25 cm.
500 _aJournal of Biological Education, vol. 54, no. 5, pages 514-520, November 2020.
650 _aMicrobiology.
_949076
650 _aCollege students.
_947911
700 _aYlostalo, Joni H.
_eauthor.
_949075
942 _2ddc
_cPER
999 _c18207
_d18207